Australian cities multiple choice: Warrnambool - Statistics

General Stats
  • This quiz has been taken 25 times
  • The average score is 8 of 15
Answer Stats
Question Answer % Correct
Warrnambool is in which state? Victoria
100%
Which iconic Australian clothing brand was based in Warrnambool from its founding in 1941 until its sale in 1998? Fletcher Jones
88%
Warrnambool is the largest city in the region known as... the Shipwreck Coast
88%
Why is there a long viewing platform at Logan Beach? Whale watching
75%
What do some enthusiasts believe is buried beneath the sand in Armstrong Bay? A 16th century mahogany ship
63%
What is at Flagstaff Hill? An open-air history museum
63%
Which humorous family film is based on the city's method of protecting the fairy penguins on Middle Island? Oddball (2015)
63%
What's the Warrnibald Prize? A portrait exhibition and art prize
50%
Where is Granny's Grave? Warrnambool Foreshore Reserve
50%
What is the gap challenge? Entering the gap between the brick walls of the bowling alley on Timor Street and the shop next door
38%
What's going on at Brierly Basin? Australia’s largest array of floating solar panels
25%
What is the nickname of the statue at the war memorial? The dirty angel
25%
Which Nobel Prize winner attended Warrnambool High School? John Eccles (Medicine, 1963)
13%
Where is the mendicant's hut? Miura Friendship Garden
13%
Von Guerard's Lookout provides a panoramic view of Tower Hill, a dormant volcano. What was Eugene von Guerard doing there (in 1855)? Sketching
13%
No matching quizzes found
Score Distribution
Percent of People with Each Score
Percentile by Number Answered
Your Score History
You have not taken this quiz